| 000 | 00934nam a2200265Ia 4500 | ||
|---|---|---|---|
| 003 | OSt | ||
| 005 | 20221005113238.0 | ||
| 006 | a|||||r|||| 00| 0 | ||
| 007 | ta | ||
| 008 | 221004b |||||||| |||| 00| 0 pan d | ||
| 020 |
_a9789387276130 (hbk) _cINR 100.00 |
||
| 024 | _a45227 | ||
| 037 |
_b1068, 22/02/2019, H.K. Prakashan _cTextual |
||
| 040 |
_aCRL _cCRL _bpan |
||
| 041 |
_2pan _apan |
||
| 082 | _aO153,2N48,AK, Q8 | ||
| 100 | _aਸਿੰਘ, ਪ੍ਰੀਤ ਮਹਿੰਦਰ, ਂਚ. | ||
| 245 | 0 | _aਅੰਧ ਕੂਪ | |
| 260 |
_aਪਟਿਆਲਾ _bਗ੍ਰੈFਿਅਸ ਭਾਰਤ _c2018 |
||
| 300 |
_a47ਪ੍ਰ0 _ccm. |
||
| 650 | _a ਪੰਜਾਬੀ ਨਾਟਕ | ||
| 650 | _aਪੰਜਾਬੀ ਸਾਹਿਤ | ||
| 942 |
_hO153,2N48,AK, Q8 _cTEXL _2cc |
||
| 999 |
_c1027529 _d1027529 |
||